[Event "Niederbayernliga 1112"]
[Site "Bayern"]
[Date "2012.??.??"]
[Round "8"]
[White "Ebner, Johannes"]
[Black "Manaberger, Markus"]
[Result "1-0"]
[WhiteElo "1800"]
[BlackElo "1559"]
[PlyCount "63"]
[EventDate "2011.10.??"]
[EventType "team-tourn"]
[EventRounds "9"]
[EventCountry "GER"]
[SourceTitle "EXT 2023"]
[Source "ChessBase"]
[SourceDate "2022.10.05"]
[SourceVersion "1"]
[SourceVersionDate "2022.10.05"]
[SourceQuality "1"]
[WhiteTeam "Grafenau"]
[BlackTeam "Passau II"]
[WhiteTeamCountry "GER"]
[BlackTeamCountry "GER"]

1. e4 c5 2. Nf3 d6 3. d4 cxd4 4. Nxd4 Nf6 5. Nc3 e6 6. Be2 Nc6 7. 0-0 Bd7 8. Ndb5 Bc8 9. Bf4 e5 10. Bg5 a6 11. Na3 Be7 12. Bxf6 Bxf6 13. Nc4 Be7 14. Nd5 Be6 15. c3 b5 16. Nce3 0-0 17. Qd3 Na5 18. Rfd1 Nb7 19. Nxe7+ Qxe7 20. Nd5 Qd8 21. Rd2 Kh8 22. Rad1 Rb8 23. b4 Ra8 24. a3 Bxd5 25. Qxd5 Qc7 26. Rc2 f6 27. c4 Rfd8 28. Rdc1 bxc4 29. Rxc4 Qd7 30. Rc7 Rac8 31. Qxb7 Rxc7 32. Rxc7 1-0

[Event "Niederbayernliga 1112"]
[Site "Bayern"]
[Date "2011.??.??"]
[Round "4"]
[White "Manaberger, Markus"]
[Black "Fesl, Michael"]
[Result "0-1"]
[WhiteElo "1559"]
[BlackElo "1626"]
[PlyCount "59"]
[EventDate "2011.10.??"]
[EventType "team-tourn"]
[EventRounds "9"]
[EventCountry "GER"]
[SourceTitle "EXT 2023"]
[Source "ChessBase"]
[SourceDate "2022.10.05"]
[SourceVersion "1"]
[SourceVersionDate "2022.10.05"]
[SourceQuality "1"]
[WhiteTeam "Passau II"]
[BlackTeam "Schaibing"]
[WhiteTeamCountry "GER"]
[BlackTeamCountry "GER"]

1. e4 c5 2. Nf3 Nc6 3. d4 cxd4 4. Nxd4 e5 5. Nxc6 bxc6 6. Nc3 Bb4 7. Bd2 Nf6 8. Bd3 0-0 9. Qf3 d5 10. exd5 cxd5 11. Qg3 g6 12. Bb5 Bd7 13. Bxd7 Qxd7 14. a3 Ba5 15. b4 Bb6 16. 0-0 Qf5 17. Rac1 Rac8 18. Nb1 Ne4 19. Qf3 Qxf3 20. gxf3 Nxd2 21. Nxd2 Rc3 22. Rfd1 Rfc8 23. a4 Rxc2 24. Rxc2 Rxc2 25. Kf1 Rb2 26. b5 Ra2 27. Ke2 Rxa4 28. Nf1 Ra2+ 29. Rd2 Rxd2+ 30. Kxd2 0-1